| 000 | 00424cam a2200169ua 4500 | ||
|---|---|---|---|
| 020 | _c1.00 | ||
| 041 |
_amal _h |
||
| 082 |
_a894.812301 _bHAR/RA |
||
| 100 | _aHarisarma, A D . | ||
| 245 |
_aRasikan kathakal / _cA D Harisarma. _hTextual Documents |
||
| 260 |
_aThuravoor : _bSree Narasimha Vilasam Book Depot , _c1955. |
||
| 300 | _a102 ; . | ||
| 365 | _a1.00 | ||
| 504 | _a | ||
| 942 | _cBK | ||
| 999 |
_c5233 _d5233 |
||